Desať rokov pôsobenia SAŽP v odpadovom hospodárstve

Bibliographic Details
Main Author: Lacuška, Miroslav (Author)
Format: Article
Language:Slovak
ISSN:1335-7808
Subjects:

MARC

LEADER 00000nab a2200000 a 4500
001 vtls000863900
003 SK-MaSNL
005 20260304120036.0
008 250429c2003 xo 0 slo
015 |a SNBRB2004/02-05898 
035 |a CLN000215456 
035 |a urn:nbn:sk:snk-abrw8 
035 |a (urnnbn)urn:nbn:sk:snk:ar-a03mg3 
035 |a (uuid)a4dc8982-abde-4c93-8fed-2419143154c0 
040 |a SNKBUCL  |b slo  |c SNKBUCL  |e AACR2 
041 0 |a slo 
044 |a xo  |c SK 
080 |a 504.06:061.23(437.6)  |2 1997 
100 1 |a Lacuška, Miroslav  |4 aut  |9 358304 
245 1 0 |a Desať rokov pôsobenia SAŽP v odpadovom hospodárstve  |c Miroslav Lacuška 
610 2 7 |a Slovenská agentúra životného prostredia (Banská Bystrica, Slovensko)  |2 snkbucl  |9 33321 
655 7 |a články z novín a časopisov  |2 snkbucl  |9 267496 
773 0 |t Odpady  |g Roč. 3, č. 8 (2003), s. 20-22  |x 1335-7808 
850 |a Slovenská národná knižnica 
852 |a Slovenská národná knižnica 
954 |a odborná, vedecká literatúra pôvodná (slovenská)  |2 lita 
958 |a article27 
958 |a SK 
958 |a OND 
958 |a EUIPO 
992 |a RBX 
999 |c 2878462  |d 2880392